000 01189cad a22002175a 4500
001 E150446
008 100715s2010 xxk f 000 0 eng d
035 _a(Sirsi) u150446
041 0 _aeng
110 2 _aEnglish Heritage
_92714
245 0 4 _aThe disposal of heritage assets
_bguidance note for government departments and non-departmental public bodies
_h[electronic resource]
260 _aLondon
_bEnglish Heritage
_c2010
520 _aSets out guidance on the disposal of heritage assets by central government bodies in England. Replaces the 1999 guidance note on the disposal of historic buildings. The guidance applies to a range of asset types including historic buildings, monuments, memorials, archaeological remains, designed landscapes, battlefields and wrecks.
590 _aKA
651 4 _aEngland
_y886-
690 _aBUILT ENVIRONMENT-BUILDING TYPES-ANCIENT MONUMENTS AND HISTORIC BUILDINGS
710 1 _aOffice of Government Commerce
_93987
710 1 _aDepartment for Culture, Media and Sport
_93525
856 4 0 _uhttps://www.helm.org.uk/upload/pdf/Guidance_on_disposals_June_2010.pdf?1278416960
_zView the guidance free of charge at www.helm.org.uk
942 _n0
999 _c110874
_d110874